00900nam a22002537a 450000500170000001000130001702000260003003500130005603700160006904000120008508200150009710000260011224500610013826000470019927000550024630000230030150000520032465000450037665000180042170000280043994200290046799900190049695201310051520170124105930.0 aB-163259 c495.00a9780195665864 aB-163259 bCen Lib/Ret aDPLbEN a327.540549 aGanguly, Sumit 98121 aFearful symmentry /cby Sumit Ganguly, Devin T. Hagerty  aNew Delhi bOxford University Press c2005 aYMCA building, jai singh road bNew Delhi e110001 ax, 223p.c22cm(Hb) aIncludes bibliographical references and index  aForeign relation zIndia-Pakistan 98122 aCrisis 98123 aHagerty, Devin T.98124 2ddccENh327.540549mGAN c123813d123813 00104070aLbLd2015-06-12eCen Lib/Retg495.00l0o327.540549 GANpB-163259r2015-06-12 00:00:00t1v495.00w2015-06-12yEN